1994 Champions League Final AC Milan - FC Barcelona - Statistics

General Stats
  • This quiz has been taken 486 times
  • The average score is 12 of 27
Answer Stats
Players % Correct
Paolo Maldini
97%
Pep Guardiola
71%
Johan Cruyff
69%
Hristo Stoichkov
68%
Ronald Koeman
66%
Romário
63%
Sebastiano Rossi
63%
Fabio Capello
59%
Marcel Desailly ¹
55%
Andoni Zubizarreta
52%
Demetrio Albertini
51%
Roberto Donadoni
51%
Daniele Massaro ²
50%
Dejan Savićević ¹
49%
Mauro Tassotti
47%
Zvonimir Boban
44%
Christian Panucci
35%
Miguel Ángel Nadal
35%
Albert Ferrer
29%
José Mari Bakero
28%
Sergi
28%
Filippo Galli
26%
Guillermo Amor
21%
Txiki Begiristain
20%
Eusebio
16%
Stefano Nava
10%
Quique Estebaranz
7%
No matching quizzes found
Score Distribution
Percent of People with Each Score
Percentile by Number Answered
Your Score History
You have not taken this quiz